Ensiklopedia sains dan teknologi (Record no. 121)

000 -LEADER
fixed length control field nam a22 a 4500
003 - CONTROL NUMBER IDENTIFIER
control field AKMAL
005 - DATE AND TIME OF LATEST TRANSACTION
control field 20170419111406.0
008 - FIXED-LENGTH DATA ELEMENTS--GENERAL INFORMATION
fixed length control field 170419s2000 my ao g ei a001 0 may|d
020 ## - INTERNATIONAL STANDARD BOOK NUMBER
International Standard Book Number 9836269908 (kkrs. : jil. 1) :
Terms of availability RM193.00
020 ## - INTERNATIONAL STANDARD BOOK NUMBER
International Standard Book Number 9836269916 (kkrs. : jil. 2) :
Terms of availability RM168.00
020 ## - INTERNATIONAL STANDARD BOOK NUMBER
International Standard Book Number 9836269924 (kkrs. : jil. 3) :
020 ## - INTERNATIONAL STANDARD BOOK NUMBER
International Standard Book Number 9836273336 (kkrs. : jil. 7) :
Terms of availability RM270.00
082 04 - DEWEY DECIMAL CLASSIFICATION NUMBER
Classification number 503
090 00 - LOCALLY ASSIGNED LC-TYPE CALL NUMBER (OCLC); LOCAL CALL NUMBER (RLIN)
Classification number (OCLC) (R) ; Classification number, CALL (RLIN) (NR) 503
Local cutter number (OCLC) ; Book number/undivided call number, CALL (RLIN) KEJ
245 00 - TITLE STATEMENT
Title Ensiklopedia sains dan teknologi
260 ## - PUBLICATION, DISTRIBUTION, ETC.
Place of publication, distribution, etc. Kuala Lumpur :
Name of publisher, distributor, etc. Universiti Teknologi Malaysia,
Date of publication, distribution, etc. 2000
300 ## - PHYSICAL DESCRIPTION
Extent 4 jil. :
Other physical details il., wrn. ;
Dimensions 29cm.
500 ## - GENERAL NOTE
General note Mengandungi indeks
505 ## - FORMATTED CONTENTS NOTE
Miscellaneous information jil.1.
Title Kejuruteraan kimia dan sumber asli.-
Miscellaneous information jil.2.
Title Kejuruteraan mekanikal.-
Miscellaneous information jil.3.
Title Perubatan dan kesihatan.-
Miscellaneous information jil.7.
Title Kejuruteraan elektrik.-
650 #0 - SUBJECT ADDED ENTRY--TOPICAL TERM
Topical term or geographic name entry element Science
Form subdivision Encyclopedias
9 (RLIN) 302
650 #0 - SUBJECT ADDED ENTRY--TOPICAL TERM
Topical term or geographic name entry element Technology
Form subdivision Encyclopedias
9 (RLIN) 303
650 #0 - SUBJECT ADDED ENTRY--TOPICAL TERM
Topical term or geographic name entry element Medicine
Form subdivision Encyclopedias
9 (RLIN) 304
650 #0 - SUBJECT ADDED ENTRY--TOPICAL TERM
Topical term or geographic name entry element Mathematics
Form subdivision Encyclopedias
9 (RLIN) 305
650 #0 - SUBJECT ADDED ENTRY--TOPICAL TERM
Topical term or geographic name entry element Chemical engineering
Form subdivision Encyclopedias
9 (RLIN) 306
650 #0 - SUBJECT ADDED ENTRY--TOPICAL TERM
Topical term or geographic name entry element Natural resources
Form subdivision Encyclopedias
9 (RLIN) 307
650 #0 - SUBJECT ADDED ENTRY--TOPICAL TERM
Topical term or geographic name entry element Mechanical engineering
Form subdivision Encyclopedias
9 (RLIN) 308
710 2# - ADDED ENTRY--CORPORATE NAME
Corporate name or jurisdiction name as entry element Universiti Teknologi Malaysia
9 (RLIN) 309
710 1# - ADDED ENTRY--CORPORATE NAME
Corporate name or jurisdiction name as entry element Malaysia.
Subordinate unit Kementerian Pendidikan
9 (RLIN) 310
942 ## - ADDED ENTRY ELEMENTS (KOHA)
Source of classification or shelving scheme
Koha item type Book
950 ## - LOCAL HOLDINGS (RLIN)
Permanent shelving location, LOC (RLIN) AKMAL
Holdings
Withdrawn status Lost status Source of classification or shelving scheme Damaged status Not for loan Collection code Home library Current library Shelving location Date acquired Inventory number Total Checkouts Full call number Barcode Date last seen Price effective from Koha item type
          NON-FICTION AKMAL Melaka AKMAL Melaka PINJAMAN 19.04.2017 500423 (Jil.1)   503 KEJ 201700246 19.04.2017 19.04.2017 Book
          NON-FICTION AKMAL Melaka AKMAL Melaka PINJAMAN 19.04.2017 500424 (Jil.2)   503 MEK 201700254 19.04.2017 19.04.2017 Book
          NON-FICTION AKMAL Melaka AKMAL Melaka PINJAMAN 19.04.2017 500432 (Jil.2)   503 ENS 201700248 19.04.2017 19.04.2017 Book
          NON-FICTION AKMAL Melaka AKMAL Melaka PINJAMAN 19.04.2017 500422 (Jil.3)   503 PER 201700251 19.04.2017 19.04.2017 Book
          NON-FICTION AKMAL Melaka AKMAL Melaka PINJAMAN 19.04.2017 500433 (Jil.7)   621.3 ENS 201700253 19.04.2017 19.04.2017 Book
Pusat Sumber Maklumat Dato' Haji Sarmin Md Hussin, Akademi Kastam Diraja Malaysia, Melaka
Tel: 06-2331106 | Faks: 06-2313787